| 000 | 00464nam a2200169Ia 4500 | ||
|---|---|---|---|
| 003 | SGT | ||
| 020 | _a9780070153868 | ||
| 082 |
_a620.3815 _bHAY |
||
| 100 | _aHayes,Monson H | ||
| 245 | _aDigital signal processing | ||
| 250 | _a2nd Ed. | ||
| 260 |
_bTata McGraw Hill Education Private Limited _aNew Delhi _c2012 |
||
| 300 | _aV.P.p. | ||
| 650 | _aELECTRONICS ENGINEERING | ||
| 653 | _aSAMPLING, THE Z- TRANSFORM, TRANSFORM ANALYSIS OF SYSTEMS | ||
| 942 |
_2ddc _cBK |
||
| 999 |
_c5532 _d5532 |
||